| 000 | 01466nam a22003137a 4500 | ||
|---|---|---|---|
| 005 | 20170404020002.0 | ||
| 008 | 121217s2011 ck ab gr 00010 spa d | ||
| 020 | _a9789587198676 | ||
| 040 |
_aCO-BoIAVH _cCO-BoIAVH |
||
| 041 | _aspa | ||
| 044 | _ack | ||
| 082 | 0 | 4 |
_a574.52 _bM33a |
| 100 | 1 | _aMedina-Rangel, Guido Fabián | |
| 245 | 1 | 0 |
_aAnfibios y reptiles de los alrededores del complejo cenagoso de Zapatosa, departamento del Cesar, Colombia / _cGuido Fabián Medina-Rangel, Gladys Cárdenas-Arévalo, Olga Victoria Castaño-Mora |
| 260 |
_aBogotá: _bUniversidad Nacional de Colombia. Facultad de Ciencias. Instituto de Ciencias Naturales : _bCorpocesar, _c2011. |
||
| 300 |
_a97 p. : _bilustraciones ; _c24 cm. |
||
| 490 | 0 |
_aColombia. Diversidad Biótica ; _v1 |
|
| 500 | _aPublicación especial No. 1. Guia de campo. | ||
| 504 | _aIncluye referencias bibliográficas | ||
| 650 | 6 |
_aDiversidad biológica _z Ciénaga de Zapatosa (Cesar) |
|
| 650 | 4 |
_aAnfibios _x Clasificación _z Ciénaga de Zapatosa (Cesar) |
|
| 650 | 4 |
_aAnfibios _x Fichas técnicas _z Ciénaga de Zapatosa (Cesar) |
|
| 650 | 4 |
_aReptiles _x Clasificacién _z Ciénaga de Zapatosa (Cesar) |
|
| 650 | 4 |
_aReptiles _x Fichas técnicas _z Ciénaga de Zapatosa (Cesar) |
|
| 700 | 1 |
_aRangel Ch., J. Orlando, _eed. |
|
| 700 | 1 | _aCárdenas-Arévalo, Gladys. | |
| 700 | 1 | _aCastaño-Mora, Olga Victoria. | |
| 942 |
_2ddc _cLIBRO _01 |
||
| 999 |
_c8138 _d8138 |
||